[Event "Styrian op U14/18 26th"]
[Site "Mureck"]
[Date "2019.08.07"]
[Round "8"]
[White "Simo, Mark"]
[Black "Braun, Hagen"]
[Result "0-1"]
[WhiteElo "921"]
[BlackElo "1195"]
[PlyCount "54"]
[EventDate "2019.07.31"]
[EventType "swiss"]
[EventRounds "9"]
[EventCountry "AUT"]
[SourceTitle "EXT 2020"]
[Source "ChessBase"]
[SourceDate "2019.10.17"]
[SourceVersion "1"]
[SourceVersionDate "2019.10.17"]
[SourceQuality "1"]

1. e4 e5 2. Nf3 Nc6 3. d4 exd4 4. Nxd4 d5 5. exd5 Qxd5 6. Nxc6 Qxd1+ 7. Kxd1 bxc6 8. Bc4 Bd6 9. Re1+ Ne7 10. g3 0-0 11. Bg5 Ng6 12. c3 Bg4+ 13. Kc2 Rab8 14. Nd2 Bf5+ 15. Kc1 Rfe8 16. Re3 Bc5 17. Rxe8+ Rxe8 18. Nf3 Bg4 19. Be3 Bxe3+ 20. fxe3 Bxf3 21. Kd2 h6 22. Rf1 Bd5 23. Kd3 Bxc4+ 24. Kxc4 Rxe3 25. Rf2 Ne5+ 26. Kd4 Re1 27. Kc5 Nd3+ 0-1

[Event "Styrian op U14/18 26th"]
[Site "Mureck"]
[Date "2019.08.06"]
[Round "7"]
[White "Bakalarz, Adrian"]
[Black "Simo, Mark"]
[Result "1-0"]
[WhiteElo "1262"]
[BlackElo "921"]
[PlyCount "49"]
[EventDate "2019.07.31"]
[EventType "swiss"]
[EventRounds "9"]
[EventCountry "AUT"]
[SourceTitle "EXT 2020"]
[Source "ChessBase"]
[SourceDate "2019.10.17"]
[SourceVersion "1"]
[SourceVersionDate "2019.10.17"]
[SourceQuality "1"]

1. e4 e5 2. d4 exd4 3. c3 dxc3 4. Nxc3 Bb4 5. Nf3 Qf6 6. Bd2 Nc6 7. Nd5 Bxd2+ 8. Qxd2 Qd6 9. Rc1 Nf6 10. Nxf6+ Qxf6 11. Bd3 0-0 12. 0-0 Re8 13. e5 Qe6 14. Bxh7+ Kf8 15. b3 Nxe5 16. Nxe5 Qxe5 17. Rfe1 Qh5 18. Rxe8+ Kxe8 19. Qe3+ Kf8 20. Re1 g6 21. Qe8+ Kg7 22. Qg8+ Kf6 23. Qh8+ Kf5 24. Qe5+ Kg4 25. Re4# 1-0

[Event "Styrian op U14/18 26th"]
[Site "Mureck"]
[Date "2019.08.05"]
[Round "6"]
[White "Simo, Mark"]
[Black "Fabian, Kerstin"]
[Result "1/2-1/2"]
[WhiteElo "921"]
[BlackElo "1308"]
[PlyCount "121"]
[EventDate "2019.07.31"]
[EventType "swiss"]
[EventRounds "9"]
[EventCountry "AUT"]
[SourceTitle "EXT 2020"]
[Source "ChessBase"]
[SourceDate "2019.10.17"]
[SourceVersion "1"]
[SourceVersionDate "2019.10.17"]
[SourceQuality "1"]

1. d4 d5 2. Nf3 Nc6 3. Nc3 Bf5 4. Bf4 Nf6 5. e3 e6 6. Bb5 Bd6 7. Ne5 Bxe5 8. Bxe5 0-0 9. Bxc6 bxc6 10. 0-0 Ne4 11. Nxe4 Bxe4 12. Qg4 f6 13. Bg3 Bf5 14. Qe2 Qe7 15. Rfc1 e5 16. Qf3 Be4 17. Qe2 exd4 18. exd4 Rfe8 19. Qa6 c5 20. f3 Bg6 21. Qc6 cxd4 22. Qxd5+ Kh8 23. Qxd4 c5 24. Qd6 Rad8 25. Qc7 Qxc7 26. Bxc7 Rd2 27. Bf4 Rxc2 28. Rxc2 Bxc2 29. Bd6 c4 30. Rc1 Bd3 31. Bb4 Re2 32. Re1 Rxe1+ 33. Bxe1 Kg8 34. Kf2 Kf7 35. Ke3 Kg6 36. Kd4 Kf5 37. b3 Bf1 38. g3 cxb3 39. axb3 Bg2 40. Ke3 Ke5 41. f4+ Kd5 42. Kf2 Bh1 43. b4 Kc4 44. Kg1 Bc6 45. Kf2 Kd4 46. Ke2 Ke4 47. Kf2 Kd4 48. Ke2 Ke4 49. Kf2 g5 50. fxg5 fxg5 51. Ke2 Kf5 52. Kf2 Kg4 53. Bd2 h5 54. Be1 h4 55. gxh4 Kxh4 56. Kg1+ Kh3 57. Bd2 g4 58. Be3 a6 59. Bf2 Bd5 60. Bg3 Bc4 61. Kf2 1/2-1/2